[Event "2nd Gujarat Open 2019"]
[Site "Ahmedabad, Gujarat"]
[Date "2019.09.28"]
[Round "9.19"]
[White "Ziatdinov, Raset"]
[Black "Anadkat Kartavya"]
[Result "1/2-1/2"]
[WhiteElo "2222"]
[BlackElo "2088"]
[Annotator "NA"]
[PlyCount "138"]
[EventDate "2019.09.22"]
[EventType "swiss"]
[EventCountry "IND"]
[SourceTitle "playchess.com"]
[Source "ChessBase"]
[SourceQuality "1"]
[TimeControl "5400+30"]

1. e4 {[%emt 0:00:00]} e5 {[%emt 0:00:00]} 2. d4 {[%emt 0:00:00]} exd4 {[%emt 0:00:00]} 3. c3 {[%emt 0:00:00]} dxc3 {[%emt 0:02:20]} 4. Bc4 {[%emt 0:00:01]} cxb2 {[%emt 0:01:12]} 5. Bxb2 {[%emt 0:00:06]} d5 {[%emt 0:00:03]} 6. Bxd5 {[%emt 0:00:25]} Nf6 {[%emt 0:00:23]} 7. Bxf7+ {[%emt 0:00:08]} Kxf7 {[%emt 0:00:01]} 8. Qxd8 {[%emt 0:00:12]} Bb4+ {[%emt 0:00:02]} 9. Qd2 {[%emt 0:00:09]} Bxd2+ {[%emt 0:00:04]} 10. Nxd2 {[%emt 0:00:09]} Re8 {[%emt 0:00:34]} 11. f3 {[%emt 0:00:24]} b6 {[%emt 0:15:34]} 12. g4 {[%emt 0:03:04]} Ba6 {[%emt 0:02:31]} 13. g5 {[%emt 0:15:09]} Nd5 {[%emt 0:08:06]} 14. Kf2 {[%emt 0:01:10]} Nf4 {[%emt 0:05:28]} 15. Kg3 {[%emt 0:00:21]} Nd3 {[%emt 0:01:44]} 16. Bc3 {[%emt 0:00:06]} b5 {[%emt 0:04:46]} 17. a3 {[%emt 0:03:22]} c5 {[%emt 0:00:12]} 18. Ne2 {[%emt 0:02:18]} Nc6 {[%emt 0:09:25]} 19. Rhb1 {[%emt 0:03:28]} Rab8 {[%emt 0:05:19]} 20. Nf4 {[%emt 0:06:11]} Nxf4 {[%emt 0:10:16]} 21. Kxf4 {[%emt 0:00:03]} Red8 {[%emt 0:01:07]} 22. Nb3 {[%emt 0:03:08]} Rd3 {[%emt 0:05:14]} 23. Nxc5 {[%emt 0:05:23]} Rxc3 {[%emt 0:00:13]} 24. Nxa6 {[%emt 0:00:08]} Rf8 {[%emt 0:00:21]} 25. Rxb5 {[%emt 0:12:56]} Nd4 {[%emt 0:00:17]} 26. Rb8 {[%emt 0:00:45]} Rxf3+ {[%emt 0:05:43]} 27. Kg4 {[%emt 0:00:31]} Rxb8 {[%emt 0:01:21]} 28. Nxb8 {[%emt 0:00:07]} Re3 {[%emt 0:07:31]} 29. Kf4 {[%emt 0:01:28]} Rb3 {[%emt 0:01:33]} 30. Nd7 {[%emt 0:04:56]} Ke7 {[%emt 0:02:41]} 31. Nc5 {[%emt 0:08:01]} Rc3 {[%emt 0:01:29]} 32. Na4 {[%emt 0:01:06]} Rc4 {[%emt 0:00:49]} 33. Nb2 {[%emt 0:00:37]} Rc2 {[%emt 0:00:10]} 34. Nd3 {[%emt 0:01:10]} Rxh2 {[%emt 0:01:30]} 35. Rb1 {[%emt 0:00:38]} Rh4+ {[%emt 0:00:55]} 36. Ke5 {[%emt 0:01:30]} Nf3+ {[%emt 0:00:33]} 37. Kd5 {[%emt 0:00:17]} Nxg5 {[%emt 0:01:00]} 38. Rb7+ {[%emt 0:03:34]} Kf8 {[%emt 0:00:34]} 39. Nc5 {[%emt 0:00:58]} a5 {[%emt 0:03:28]} 40. e5 {[%emt 0:00:47]} Rh1 {[%emt 0:01:31]} 41. Ne6+ {[%emt 0:06:33]} Nxe6 {[%emt 0:00:02]} 42. Kxe6 {[%emt 0:00:08]} g5 {[%emt 0:02:05]} 43. Kf6 {[%emt 0:00:34]} Rf1+ {[%emt 0:02:09]} 44. Kxg5 {[%emt 0:00:07]} Rf7 {[%emt 0:00:31]} 45. Rb5 {[%emt 0:00:39]} Ke7 {[%emt 0:00:42]} 46. Rb6 {[%emt 0:02:22]} Rf3 {[%emt 0:00:33]} 47. a4 {[%emt 0:00:07]} Ra3 {[%emt 0:00:50]} 48. Kf5 {[%emt 0:00:10]} Rxa4 {[%emt 0:00:31]} 49. Rb7+ {[%emt 0:00:07]} Kd8 {[%emt 0:00:23]} 50. Rxh7 {[%emt 0:00:58]} Rb4 {[%emt 0:00:27]} 51. Kf6 {[%emt 0:00:25]} Rf4+ {[%emt 0:00:38]} 52. Ke6 {[%emt 0:00:06]} a4 {[%emt 0:00:22]} 53. Ra7 {[%emt 0:01:25]} Rh4 {[%emt 0:00:38]} 54. Ra8+ {[%emt 0:00:41]} Kc7 {[%emt 0:00:01]} 55. Kf6 {[%emt 0:00:12]} Rf4+ {[%emt 0:00:26]} 56. Ke7 {[%emt 0:00:06]} Kb7 {[%emt 0:00:51]} 57. Rh8 {[%emt 0:00:28]} Kb6 {[%emt 0:00:37]} 58. e6 {[%emt 0:00:06]} Kb5 {[%emt 0:00:24]} 59. Kd6 {[%emt 0:00:48]} Rd4+ {[%emt 0:00:48]} 60. Ke5 {[%emt 0:00:13]} Rd2 {[%emt 0:00:12]} 61. Rb8+ {[%emt 0:05:12]} Kc4 {[%emt 0:00:16]} 62. e7 {[%emt 0:00:38]} Re2+ {[%emt 0:00:07]} 63. Kd6 {[%emt 0:00:04]} a3 {[%emt 0:00:44]} 64. e8=Q {[%emt 0:00:20]} Rxe8 {[%emt 0:00:05]} 65. Rxe8 {[%emt 0:00:07]} a2 {[%emt 0:01:01]} 66. Re1 {[%emt 0:00:12]} Kb3 {[%emt 0:00:27]} 67. Kc5 {[%emt 0:00:34]} Kb2 {[%emt 0:00:03]} 68. Kb4 {[%emt 0:00:43]} a1=Q 69. Rxa1 {[%emt 0:00:06]} Kxa1 {[%emt 0:00:57]} 1/2-1/2

[Event "2nd Gujarat Open 2019"]
[Site "Ahmedabad, Gujarat"]
[Date "2019.09.28"]
[Round "9.20"]
[White "Deshmukh, Anup"]
[Black "Satkar, Chirag"]
[Result "0-1"]
[WhiteElo "2193"]
[BlackElo "2052"]
[Annotator "NA"]
[PlyCount "134"]
[EventDate "2019.09.22"]
[EventType "swiss"]
[EventCountry "IND"]
[SourceTitle "playchess.com"]
[Source "ChessBase"]
[SourceQuality "1"]
[TimeControl "5400+30"]

1. c4 Nf6 {[%emt 0:00:46]} 2. Nf3 {[%emt 0:00:00]} g6 {[%emt 0:00:13]} 3. b3 {[%emt 0:00:03]} Bg7 {[%emt 0:01:39]} 4. Bb2 {[%emt 0:00:01]} O-O {[%emt 0:00:11]} 5. h4 {[%emt 0:00:25]} d6 {[%emt 0:17:10]} 6. d3 {[%emt 0:03:06]} e5 {[%emt 0:02:26]} 7. Nbd2 {[%emt 0:00:14]} a5 {[%emt 0:00:34]} 8. Rb1 {[%emt 0:00:30]} Na6 {[%emt 0:01:46]} 9. g3 {[%emt 0:02:22]} Nh5 {[%emt 0:01:41]} 10. d4 {[%emt 0:04:23]} Qe7 {[%emt 0:05:41]} 11. e3 {[%emt 0:07:53]} Bf5 {[%emt 0:20:15]} 12. dxe5 {[%emt 0:13:07]} dxe5 {[%emt 0:00:54]} 13. e4 {[%emt 0:00:30]} Bg4 {[%emt 0:00:32]} 14. Be2 {[%emt 0:03:18]} Rfd8 {[%emt 0:08:35]} 15. Ng5 {[%emt 0:06:21]} Bxe2 {[%emt 0:01:22]} 16. Qxe2 {[%emt 0:00:06]} Nb4 {[%emt 0:00:42]} 17. O-O {[%emt 0:00:48]} Nxa2 {[%emt 0:00:14]} 18. Ra1 {[%emt 0:10:27]} Nb4 {[%emt 0:00:25]} 19. Ba3 {[%emt 0:00:43]} Bf6 {[%emt 0:00:59]} 20. Ngf3 {[%emt 0:03:28]} Ng7 {[%emt 0:00:11]} 21. Kg2 {[%emt 0:09:44]} Qd7 {[%emt 0:10:07]} 22. Bxb4 {[%emt 0:10:13]} axb4 {[%emt 0:00:02]} 23. Qe3 {[%emt 0:04:21]} Ne6 {[%emt 0:02:58]} 24. Rxa8 {[%emt 0:07:06]} Rxa8 {[%emt 0:00:52]} 25. h5 {[%emt 0:00:02]} Bg7 {[%emt 0:04:27]} 26. Nh2 {[%emt 0:04:09]} Rd8 {[%emt 0:00:57]} 27. Ndf3 {[%emt 0:00:57]} Qd3 {[%emt 0:02:00]} 28. Qe1 {[%emt 0:01:50]} Qxb3 {[%emt 0:01:26]} 29. Ng4 {[%emt 0:01:16]} Qxc4 {[%emt 0:03:30]} 30. h6 {[%emt 0:00:02]} Bh8 {[%emt 0:00:19]} 31. Qb1 {[%emt 0:02:58]} c5 {[%emt 0:01:42]} 32. Rd1 {[%emt 0:03:55]} Nd4 {[%emt 0:02:09]} 33. Rc1 {[%emt 0:00:52]} Qe6 {[%emt 0:01:21]} 34. Ne3 {[%emt 0:00:31]} b6 {[%emt 0:00:31]} 35. Rd1 {[%emt 0:00:54]} Bf6 {[%emt 0:01:44]} 36. Qa1 {[%emt 0:00:22]} Qc6 {[%emt 0:01:25]} 37. Ng4 {[%emt 0:00:28]} Qe6 {[%emt 0:01:34]} 38. Nfh2 {[%emt 0:00:39]} c4 {[%emt 0:01:57]} 39. Qa4 {[%emt 0:00:22]} Be7 {[%emt 0:00:20]} 40. Ne3 {[%emt 0:00:43]} b5 {[%emt 0:01:29]} 41. Qa7 {[%emt 0:00:26]} Qd7 {[%emt 0:00:44]} 42. Qa5 {[%emt 0:00:25]} Qb7 {[%emt 0:01:24]} 43. Nd5 {[%emt 0:00:16]} Rxd5 {[%emt 0:01:07]} 44. exd5 {[%emt 0:00:02]} Qxd5+ {[%emt 0:00:01]} 45. f3 {[%emt 0:00:01]} c3 {[%emt 0:01:00]} 46. Ra1 {[%emt 0:00:14]} f5 {[%emt 0:00:39]} 47. Qc7 {[%emt 0:00:19]} Kf7 {[%emt 0:00:37]} 48. Qb8 {[%emt 0:01:25]} Ne6 {[%emt 0:00:49]} 49. Qh8 {[%emt 0:00:25]} Qd2+ {[%emt 0:00:16]} 50. Kh1 {[%emt 0:00:19]} Qxh6 {[%emt 0:00:04]} 51. Qxe5 {[%emt 0:00:22]} Qd2 {[%emt 0:00:37]} 52. Re1 {[%emt 0:01:37]} Qd7 {[%emt 0:00:34]} 53. Qh8 {[%emt 0:00:49]} Nf8 {[%emt 0:00:31]} 54. Qe5 {[%emt 0:00:34]} h5 {[%emt 0:00:48]} 55. Nf1 {[%emt 0:00:26]} Ne6 {[%emt 0:00:20]} 56. Ne3 {[%emt 0:00:11]} Bf6 {[%emt 0:00:09]} 57. Qb8 {[%emt 0:00:27]} Qd2 {[%emt 0:00:37]} 58. Qa7+ {[%emt 0:00:23]} Be7 {[%emt 0:00:55]} 59. Rg1 {[%emt 0:00:42]} Qd4 {[%emt 0:00:16]} 60. Qxd4 {[%emt 0:00:41]} Nxd4 {[%emt 0:00:02]} 61. Rc1 {[%emt 0:00:37]} Nxf3 {[%emt 0:00:31]} 62. Kg2 {[%emt 0:00:19]} Nd4 {[%emt 0:00:27]} 63. Nd5 {[%emt 0:00:22]} c2 {[%emt 0:00:22]} 64. Ra1 {[%emt 0:00:11]} Nb3 {[%emt 0:00:26]} 65. Ra7 {[%emt 0:00:11]} c1=Q {[%emt 0:00:10]} 66. Rxe7+ {[%emt 0:00:08]} Kf8 {[%emt 0:00:01]} 67. Rd7 {[%emt 0:00:34]} Qc6 {[%emt 0:00:50]} 0-1

[Event "2nd Gujarat Open 2019"]
[Site "Ahmedabad, Gujarat"]
[Date "2019.09.28"]
[Round "9.21"]
[White "Patil, Pratik"]
[Black "Saranya, Y."]
[Result "1/2-1/2"]
[WhiteElo "2187"]
[BlackElo "1974"]
[Annotator "NA"]
[PlyCount "127"]
[EventDate "2019.09.22"]
[EventType "swiss"]
[EventCountry "IND"]
[SourceTitle "playchess.com"]
[Source "ChessBase"]
[SourceQuality "1"]
[TimeControl "5400+30"]

1. e4 {[%emt 0:00:00]} c5 {[%emt 0:02:39]} 2. Nf3 {[%emt 0:00:00]} Nc6 {[%emt 0:00:05]} 3. d4 {[%emt 0:00:00]} cxd4 {[%emt 0:00:05]} 4. Nxd4 {[%emt 0:00:00]} g6 {[%emt 0:00:17]} 5. Nc3 {[%emt 0:00:17]} Bg7 {[%emt 0:00:05]} 6. Be3 {[%emt 0:00:18]} Nf6 {[%emt 0:00:05]} 7. Bc4 {[%emt 0:00:21]} Qa5 {[%emt 0:00:14]} 8. O-O {[%emt 0:08:38]} O-O {[%emt 0:00:28]} 9. Bb3 {[%emt 0:01:25]} d6 {[%emt 0:00:06]} 10. h3 {[%emt 0:01:53]} Bd7 {[%emt 0:01:40]} 11. Re1 {[%emt 0:09:31]} Rfc8 12. Qd2 {[%emt 0:20:29]} Nxd4 {[%emt 0:35:02]} 13. Bxd4 {[%emt 0:00:55]} Bc6 {[%emt 0:00:43]} 14. e5 {[%emt 0:05:40]} dxe5 {[%emt 0:04:44]} 15. Rxe5 {[%emt 0:02:01]} Qc7 {[%emt 0:03:29]} 16. Rae1 {[%emt 0:03:15]} Re8 {[%emt 0:05:43]} 17. Qe3 {[%emt 0:35:01]} e6 {[%emt 0:05:22]} 18. Rg5 {[%emt 0:01:13]} Nd5 {[%emt 0:15:56]} 19. Qd2 {[%emt 0:00:15]} Bxd4 {[%emt 0:05:15]} 20. Qxd4 {[%emt 0:00:09]} Nxc3 {[%emt 0:00:22]} 21. Qxc3 {[%emt 0:00:05]} Rad8 {[%emt 0:01:37]} 22. h4 {[%emt 0:02:03]} Qf4 {[%emt 0:01:54]} 23. Qg3 {[%emt 0:01:41]} Qf6 {[%emt 0:02:38]} 24. Qe5 {[%emt 0:03:39]} Kg7 {[%emt 0:01:37]} 25. h5 {[%emt 0:01:24]} Qxe5 {[%emt 0:01:14]} 26. Rgxe5 Rd2 {[%emt 0:01:08]} 27. hxg6 {[%emt 0:00:04]} hxg6 {[%emt 0:00:06]} 28. R5e2 {[%emt 0:00:09]} Rd4 {[%emt 0:00:57]} 29. f3 {[%emt 0:00:53]} Red8 {[%emt 0:00:48]} 30. Kf2 {[%emt 0:00:21]} Bb5 {[%emt 0:00:55]} 31. Re5 {[%emt 0:00:02]} a6 {[%emt 0:00:59]} 32. Rc5 {[%emt 0:00:27]} Rd2+ {[%emt 0:00:24]} 33. Kg3 {[%emt 0:00:03]} R8d7 {[%emt 0:01:29]} 34. Rc8 {[%emt 0:00:55]} Bc6 {[%emt 0:01:34]} 35. Re3 {[%emt 0:00:51]} Bb5 {[%emt 0:01:39]} 36. Re1 {[%emt 0:00:41]} Bc6 {[%emt 0:00:04]} 37. Re3 {[%emt 0:00:04]} a5 {[%emt 0:01:34]} 38. a4 {[%emt 0:01:54]} R2d4 {[%emt 0:01:08]} 39. Ra8 {[%emt 0:00:42]} b6 {[%emt 0:02:50]} 40. Rb8 {[%emt 0:00:30]} Rb4 {[%emt 0:00:27]} 41. Rc3 {[%emt 0:00:25]} Rd6 {[%emt 0:00:48]} 42. Kf2 {[%emt 0:01:17]} Bxa4 {[%emt 0:00:54]} 43. Bxa4 {[%emt 0:00:19]} Rxa4 {[%emt 0:00:00]} 44. Rc7 {[%emt 0:00:11]} e5 {[%emt 0:01:26]} 45. Re7 {[%emt 0:00:54]} Rd2+ {[%emt 0:00:40]} 46. Kg3 {[%emt 0:00:47]} Rxc2 {[%emt 0:00:39]} 47. Rxb6 {[%emt 0:00:12]} Rb4 {[%emt 0:00:31]} 48. Rxb4 {[%emt 0:00:06]} axb4 {[%emt 0:00:04]} 49. Rxe5 {[%emt 0:00:04]} Rxb2 {[%emt 0:00:03]} 50. Rb5 {[%emt 0:00:02]} b3 {[%emt 0:01:06]} 51. Rb6 {[%emt 0:00:05]} Rb1 {[%emt 0:00:47]} 52. Kf4 {[%emt 0:00:03]} Kf8 {[%emt 0:00:50]} 53. Rb7 {[%emt 0:00:12]} Ke8 {[%emt 0:00:29]} 54. Kg5 {[%emt 0:00:15]} Rb2 {[%emt 0:00:41]} 55. Kf6 {[%emt 0:01:52]} Rxg2 {[%emt 0:00:24]} 56. Rb8+ {[%emt 0:00:18]} Kd7 {[%emt 0:00:21]} 57. Rxb3 {[%emt 0:00:02]} Kd6 {[%emt 0:00:37]} 58. Rd3+ {[%emt 0:00:19]} Kc5 {[%emt 0:00:09]} 59. Kxf7 {[%emt 0:00:18]} Kc4 {[%emt 0:00:38]} 60. Ra3 {[%emt 0:00:48]} Kd4 {[%emt 0:00:35]} 61. Kf6 {[%emt 0:00:03]} Rg3 {[%emt 0:00:39]} 62. Rb3 {[%emt 0:01:00]} Rg1 {[%emt 0:00:38]} 63. Ra3 {[%emt 0:00:16]} Rg3 {[%emt 0:00:12]} 64. Rb3 {[%emt 0:00:01]} 1/2-1/2

[Event "2nd Gujarat Open 2019"]
[Site "Ahmedabad, Gujarat"]
[Date "2019.09.28"]
[Round "9.22"]
[White "Anusha N L V"]
[Black "Mehdi Hasan Parag"]
[Result "0-1"]
[WhiteElo "2081"]
[BlackElo "2183"]
[Annotator "NA"]
[PlyCount "94"]
[EventDate "2019.09.22"]
[EventType "swiss"]
[EventCountry "IND"]
[SourceTitle "playchess.com"]
[Source "ChessBase"]
[SourceQuality "1"]
[TimeControl "5400+30"]

1. Nf3 {[%emt 0:03:23]} d5 {[%emt 0:00:00]} 2. c4 {[%emt 0:00:24]} Nf6 {[%emt 0:00:39]} 3. b3 {[%emt 0:01:30]} c6 {[%emt 0:00:23]} 4. g3 {[%emt 0:00:51]} g6 {[%emt 0:00:03]} 5. Bg2 {[%emt 0:01:01]} Bg7 {[%emt 0:00:03]} 6. Bb2 {[%emt 0:00:33]} O-O {[%emt 0:00:08]} 7. O-O {[%emt 0:00:17]} a5 {[%emt 0:00:03]} 8. d3 {[%emt 0:02:30]} a4 {[%emt 0:03:13]} 9. Nbd2 {[%emt 0:06:25]} a3 {[%emt 0:01:12]} 10. Bc3 {[%emt 0:00:06]} Re8 {[%emt 0:02:26]} 11. Qc2 {[%emt 0:02:24]} Nbd7 {[%emt 0:00:35]} 12. d4 {[%emt 0:05:42]} Nb6 {[%emt 0:02:02]} 13. Nh4 {[%emt 0:06:12]} dxc4 {[%emt 0:04:02]} 14. bxc4 {[%emt 0:01:54]} Na4 {[%emt 0:00:42]} 15. Nb3 {[%emt 0:05:34]} Nxc3 {[%emt 0:04:19]} 16. Qxc3 {[%emt 0:00:03]} Qc7 {[%emt 0:02:25]} 17. f4 {[%emt 0:07:07]} Nd7 {[%emt 0:08:46]} 18. Rac1 {[%emt 0:06:19]} c5 {[%emt 0:00:39]} 19. e3 {[%emt 0:02:59]} Ra6 {[%emt 0:01:09]} 20. Qc2 {[%emt 0:04:02]} Re6 {[%emt 0:07:42]} 21. Rfe1 {[%emt 0:02:51]} cxd4 {[%emt 0:00:59]} 22. exd4 {[%emt 0:01:00]} Nf8 {[%emt 0:01:13]} 23. d5 {[%emt 0:10:25]} Rxe1+ {[%emt 0:00:25]} 24. Rxe1 {[%emt 0:00:03]} Nd7 {[%emt 0:00:30]} 25. Nf3 {[%emt 0:07:59]} Nb6 {[%emt 0:04:13]} 26. Nfd2 {[%emt 0:01:24]} Bf5 {[%emt 0:00:52]} 27. Be4 {[%emt 0:00:41]} Bxe4 {[%emt 0:00:25]} 28. Qxe4 {[%emt 0:00:59]} Na4 {[%emt 0:01:01]} 29. Kg2 {[%emt 0:02:55]} Nc3 {[%emt 0:01:15]} 30. Qd3 {[%emt 0:03:17]} Nxa2 {[%emt 0:00:59]} 31. c5 {[%emt 0:01:45]} Rd8 {[%emt 0:01:15]} 32. Nc4 {[%emt 0:03:52]} Nb4 {[%emt 0:01:02]} 33. Qe4 {[%emt 0:00:10]} Nxd5 {[%emt 0:03:14]} 34. Nxa3 {[%emt 0:00:10]} Qc6 {[%emt 0:01:26]} 35. Kg1 {[%emt 0:01:21]} e6 {[%emt 0:00:31]} 36. Nc4 {[%emt 0:02:34]} Qb5 {[%emt 0:01:00]} 37. Qd3 {[%emt 0:01:23]} Bf6 {[%emt 0:04:01]} 38. Ne5 {[%emt 0:01:03]} Qb4 {[%emt 0:01:14]} 39. Re4 {[%emt 0:00:52]} Qa3 {[%emt 0:01:20]} 40. Nc4 {[%emt 0:00:26]} Qa7 {[%emt 0:01:56]} 41. Qf3 {[%emt 0:01:08]} Nc3 {[%emt 0:01:48]} 42. Re1 {[%emt 0:00:25]} Na4 {[%emt 0:01:06]} 43. Kh1 {[%emt 0:01:11]} Nxc5 {[%emt 0:01:10]} 44. Qe3 {[%emt 0:00:08]} b6 {[%emt 0:00:31]} 45. Nxc5 {[%emt 0:00:19]} bxc5 {[%emt 0:00:07]} 46. Ne5 {[%emt 0:00:08]} Qb7+ {[%emt 0:00:26]} 47. Kg1 {[%emt 0:00:06]} Qd5 {[%emt 0:00:31]} 0-1

[Event "2nd Gujarat Open 2019"]
[Site "Ahmedabad, Gujarat"]
[Date "2019.09.28"]
[Round "9.23"]
[White "Katdare, Jayant C"]
[Black "Chokshi, Manthan J."]
[Result "1/2-1/2"]
[WhiteElo "2046"]
[BlackElo "2170"]
[Annotator "NA"]
[PlyCount "115"]
[EventDate "2019.09.22"]
[EventType "swiss"]
[EventCountry "IND"]
[SourceTitle "playchess.com"]
[Source "ChessBase"]
[SourceQuality "1"]
[TimeControl "5400+30"]

1. d4 {[%emt 0:00:00]} g6 {[%emt 0:00:28]} 2. c4 {[%emt 0:00:07]} Bg7 {[%emt 0:00:14]} 3. Nf3 {[%emt 0:00:24]} c5 {[%emt 0:00:14]} 4. e3 {[%emt 0:01:19]} Na6 {[%emt 0:02:44]} 5. Be2 {[%emt 0:00:49]} Nf6 {[%emt 0:00:09]} 6. Nc3 {[%emt 0:00:52]} O-O {[%emt 0:00:14]} 7. O-O {[%emt 0:00:29]} cxd4 {[%emt 0:05:36]} 8. exd4 {[%emt 0:01:19]} d6 {[%emt 0:21:38]} 9. Bf4 {[%emt 0:07:41]} Bd7 {[%emt 0:10:34]} 10. Qd2 {[%emt 0:02:30]} Re8 {[%emt 0:00:09]} 11. Rfd1 {[%emt 0:04:20]} Rc8 {[%emt 0:05:56]} 12. a3 {[%emt 0:03:06]} Be6 {[%emt 0:09:19]} 13. d5 {[%emt 0:07:43]} Bg4 {[%emt 0:00:21]} 14. Nd4 {[%emt 0:04:56]} Bxe2 {[%emt 0:02:17]} 15. Qxe2 {[%emt 0:00:03]} Nc5 {[%emt 0:02:03]} 16. b4 {[%emt 0:13:30]} Ncd7 {[%emt 0:00:04]} 17. Na4 {[%emt 0:00:48]} Nb6 {[%emt 0:15:29]} 18. Nxb6 {[%emt 0:03:50]} Qxb6 {[%emt 0:00:02]} 19. Be3 {[%emt 0:03:35]} Qc7 {[%emt 0:07:33]} 20. Rac1 {[%emt 0:02:12]} Qd7 {[%emt 0:00:11]} 21. h3 {[%emt 0:12:17]} Qa4 {[%emt 0:02:17]} 22. Nb5 {[%emt 0:12:06]} a6 {[%emt 0:00:27]} 23. Na7 {[%emt 0:00:13]} Ra8 {[%emt 0:01:26]} 24. Qd3 {[%emt 0:01:20]} Nd7 {[%emt 0:00:57]} 25. Rb1 {[%emt 0:00:49]} Ne5 {[%emt 0:00:52]} 26. Qe2 {[%emt 0:00:43]} Qxa3 {[%emt 0:02:23]} 27. b5 {[%emt 0:02:13]} axb5 {[%emt 0:02:45]} 28. Ra1 {[%emt 0:04:06]} Nf3+ {[%emt 0:01:19]} 29. Qxf3 {[%emt 0:00:17]} Bxa1 {[%emt 0:00:04]} 30. Nxb5 {[%emt 0:00:04]} Qa5 {[%emt 0:01:06]} 31. Bd2 {[%emt 0:03:01]} Qd8 {[%emt 0:00:13]} 32. h4 {[%emt 0:00:37]} Bf6 {[%emt 0:00:30]} 33. h5 {[%emt 0:00:13]} Ra1 {[%emt 0:03:27]} 34. Rxa1 {[%emt 0:00:30]} Bxa1 {[%emt 0:00:02]} 35. Bc3 {[%emt 0:02:58]} Bxc3 {[%emt 0:00:57]} 36. Qxc3 {[%emt 0:00:16]} Qd7 {[%emt 0:02:27]} 37. h6 {[%emt 0:00:48]} f6 {[%emt 0:00:00]} 38. Qe3 {[%emt 0:00:28]} Rc8 {[%emt 0:00:39]} 39. Qe4 {[%emt 0:00:22]} Kf7 {[%emt 0:00:37]} 40. g4 {[%emt 0:00:33]} Rc5 {[%emt 0:00:51]} 41. Qe2 {[%emt 0:04:32]} Qc8 {[%emt 0:00:42]} 42. Na7 {[%emt 0:00:26]} Qa8 {[%emt 0:00:44]} 43. Qe6+ {[%emt 0:00:50]} Kf8 44. Qd7 {[%emt 0:01:27]} Qxa7 {[%emt 0:01:00]} 45. Qd8+ {[%emt 0:00:05]} Kf7 {[%emt 0:00:06]} 46. Qh8 {[%emt 0:00:06]} Qa1+ {[%emt 0:00:32]} 47. Kg2 {[%emt 0:00:08]} Rxc4 {[%emt 0:00:50]} 48. Qxh7+ {[%emt 0:00:11]} Ke8 {[%emt 0:00:12]} 49. Qxg6+ {[%emt 0:00:13]} Kd7 {[%emt 0:00:04]} 50. h7 {[%emt 0:01:37]} Qd1 {[%emt 0:01:19]} 51. Qf5+ {[%emt 0:01:48]} Kc7 {[%emt 0:00:01]} 52. h8=Q {[%emt 0:00:29]} Rxg4+ {[%emt 0:00:37]} 53. Kh3 {[%emt 0:00:11]} Qh1+ {[%emt 0:00:15]} 54. Kxg4 {[%emt 0:00:02]} Qh5+ {[%emt 0:00:38] Qhh7 Qxh7 Qd3 Qh8 Qc2+ Kd8 Qb3 Kc7 Qc4+ Kb8 Qb5 Qc8+} 55. Kf4 {[%emt 0:00:38] Kc7} Qe2 {[%emt 0:00:25] Kd8} 56. f3 {[%emt 0:00:04] Qc1+ Ke4 Qb1+ Kf4 Qb4+ Kf5 Qd4} Qb5 {[%emt 0:00:00] Qe3 Qxb7 Qxf3+ Ke6 Qh3+ Kf7 Qh5+ Ke6} 57. Qg4 {[%emt 0:00:00] Kf7} Qd7 {[%emt 0:01:49]} 58. Qa8 {[%emt 0:00:00] Kc7 Qa7+ Kc8 Qa8+ Kc7 Qa7+} 1/2-1/2

[Event "2nd Gujarat Open 2019"]
[Site "Ahmedabad, Gujarat"]
[Date "2019.09.28"]
[Round "9.24"]
[White "Sri Sai Baswanth P"]
[Black "Joshi, Govind Ballabh"]
[Result "1/2-1/2"]
[WhiteElo "2013"]
[BlackElo "2118"]
[Annotator "NA"]
[PlyCount "88"]
[EventDate "2019.09.22"]
[EventType "swiss"]
[EventCountry "IND"]
[SourceTitle "playchess.com"]
[Source "ChessBase"]
[SourceQuality "1"]
[TimeControl "5400+30"]

1. c4 c5 2. g3 Nc6 3. Bg2 g6 4. Nc3 Bg7 5. Nf3 e5 6. d3 Nge7 7. O-O O-O 8. Ne1 d6 9. Nc2 Be6 10. Ne3 Rb8 11. Ned5 h6 12. Bd2 a6 13. a4 a5 14. Nb5 Nb4 15. Bxb4 axb4 16. Ndc7 Bd7 17. a5 Rc8 18. Nd5 Nxd5 19. Bxd5 Bc6 20. a6 Bxd5 21. cxd5 Qb6 22. axb7 Rb8 23. Na7 e4 24. Qb3 exd3 25. exd3 Qxb7 26. Nc6 Ra8 27. Na5 Qa6 28. Ra4 Rfe8 29. Rfa1 Qc8 30. Nc4 Rxa4 31. Qxa4 Re2 32. Qa8 Qxa8 33. Rxa8+ Kh7 34. Kf1 Rc2 35. Nxd6 Bxb2 36. Nc4 Bf6 37. Rb8 Rc3 38. Ke2 b3 39. Ne3 c4 40. dxc4 b2 41. Nd1 Rxc4 42. Kd3 Rd4+ 43. Ke2 Rc4 44. Kd3 Rd4+ 1/2-1/2